| 000 | 00757nam a2200217 a 4500 | ||
|---|---|---|---|
| 005 | 20240413063735.0 | ||
| 008 | 010611s2000 mx r 000 0 spa d | ||
| 020 | _a9686406964 | ||
| 035 | _aUPN01000108108 | ||
| 049 | _aCG | ||
| 050 | 4 |
_aF1233 _bS5.4 |
|
| 100 | 1 |
_aSierra, Justo, _d1848-1912 _928551 |
|
| 245 | 1 | 0 |
_aJuárez : _bsu obra y su tiempo / _cJusto Sierra. |
| 260 |
_aMéxico : _bValle de México, _c[198-?] |
||
| 300 |
_a500 p. : _bil. |
||
| 534 |
_pFacsim. de : _tMéxico : J. Ballesca y Compañia, Sucesores, editores, 1905-1906. |
||
| 600 | 1 | 4 |
_aJUAREZ, BENITO, _d1806-1872 |
| 651 | 4 |
_aMéxico _xHistoria _yGuerra de Reforma, 1855-1857 _916696 |
|
| 651 | 4 |
_aMéxico _xHistoria _yIntervención y Segundo Imperio, 1861-1867 _910588 |
|
| 905 | _aLibro | ||
| 999 |
_c82020 _d82020 |
||